000 00278nam a22001337a 4500
008 170401b xxu||||| |||| 00| 0 eng d
020 _a2900471704385
041 _aeng
080 _a574
100 _a9
101 _aSHM
245 _aENVIRONMENT
_cRAVEN, P.H
942 _2udc
_cBK
999 _c9401
_d9401